Steden die beginnen met een B op een kaart - Statistieken

Algemene statistieken
  • Deze quiz is 57 keer genomen
  • De gemiddelde score is 21 van 30
Antwoorden op de kaart
Antwoorden kleurgecodeerd door een groen-rode schaal op de quizkaart volgens % correct hieronder.
 
Antwoordstatistieken
stad % Correct
Berlijn
100%
Brussel
100%
Barcelona
93%
Boekarest
90%
Brasilia
90%
Boedapest
87%
Bogota
87%
Bagdad
83%
Bangkok
83%
Bergen
80%
Birmingham
80%
Bordeaux
80%
Boston
80%
Brisbane
80%
Buenos Aires
80%
Belgrado
77%
Bakoe
73%
Beijing
73%
Beiroet
73%
Bloemfontein
70%
Bologna
70%
Brazzaville
63%
Baltimore
60%
Bamako
50%
Belo Horizonte
50%
Belem
37%
Bandung
30%
Busan
30%
Barranquilla
23%
Bengaluru
13%
Geen overeenkomende quizzen gevonden
Scoreverdeling
Procent van Mensen met Elke Score
Percentiel versus Aantal Correcte Antwoorden
Uw Scoregeschiedenis
U heeft deze quiz nog niet genomen